Counties of Sweden - Map Quiz - Statistics

General Stats
  • This quiz has been taken 442 times
  • The average score is 16 of 21
Answers on the Map
Answers color-coded by a green-red scale on the quiz's map according to % correct below.
 
Answer Stats
Answer % Correct
Gotland
92%
Stockholm
89%
Skåne
86%
Uppsala
85%
Norrbotten
82%
Kalmar
79%
Västerbotten
79%
Halland
77%
Blekinge
75%
Jönköping
75%
Örebro
75%
Södermanland
75%
Jämtland
74%
Västra Götaland
73%
Dalarna
72%
Gävleborg
72%
Östergötland
72%
Värmland
71%
Kronoberg
69%
Västernorrland
68%
Västmanland
67%
No matching quizzes found
Score Distribution
Percent of People with Each Score
Percentile by Number Answered
Your Score History
You have not taken this quiz